Report. (Record no. 34663)

MARC details
000 -LEADER
fixed length control field 01056cam a22002531 4500
001 - CONTROL NUMBER
control field hew67000005
003 - CONTROL NUMBER IDENTIFIER
control field DLC
005 - DATE AND TIME OF LATEST TRANSACTION
control field 20260227111515.0
008 - FIXED-LENGTH DATA ELEMENTS--GENERAL INFORMATION
fixed length control field 770304s1966 dcua f100 0 eng c
010 ## - LIBRARY OF CONGRESS CONTROL NUMBER
LC control number hew67000005
040 ## - CATALOGING SOURCE
Original cataloging agency U.S. Dept. of Health, Education, and Welfare. Library
Transcribing agency WMaUCS
Modifying agency WMaUCS
-- DLC
050 00 - LIBRARY OF CONGRESS CALL NUMBER
Classification number LC4091
Item number .N32 1966c
111 2# - MAIN ENTRY--MEETING NAME
Meeting name or jurisdiction name as entry element National Conference on Education of the Disadvantaged,
Location of meeting Washington, D.C.,
Date of meeting or treaty signing 1966.
245 00 - TITLE STATEMENT
Title Report.
260 ## - PUBLICATION, DISTRIBUTION, ETC.
Place of publication, distribution, etc. [Washington]
Name of publisher, distributor, etc. U.S. Dept. of Health, Education, and Welfare, Office of Education
Date of publication, distribution, etc. [1966]
300 ## - PHYSICAL DESCRIPTION
Extent vii, 86 p.
Other physical details illus.
Dimensions 27 cm.
500 ## - GENERAL NOTE
General note "OE-37004."
500 ## - GENERAL NOTE
General note At head of title: Title I, Elementary and secondary education act of 1965.
500 ## - GENERAL NOTE
General note "Sponsored by the Office of Education."
650 #0 - SUBJECT ADDED ENTRY--TOPICAL TERM
Topical term or geographic name entry element Children with social disabilities
General subdivision Education
Geographic subdivision United States
Form subdivision Congresses.
710 1# - ADDED ENTRY--CORPORATE NAME
Corporate name or jurisdiction name as entry element United States.
Subordinate unit Office of Education.
740 0# - ADDED ENTRY--UNCONTROLLED RELATED/ANALYTICAL TITLE
Uncontrolled related/analytical title Title I, Elementary and secondary education act of 1965.
740 0# - ADDED ENTRY--UNCONTROLLED RELATED/ANALYTICAL TITLE
Uncontrolled related/analytical title Elementary and secondary education act of 1965.

No items available.

Powered by Koha